000 00570nam a2200193Ia 4500
008 240729s9999 xx 000 0 und d
022 _a1998-4030
245 0 _aNoise and Health
260 _aIndia
260 _bWolters Kluwer Medknow Publications
650 _a Industrial medicine. Industrial hygiene
650 _a Internal medicine
650 _a Otorhinolaryngology | Medicine
650 _a Special situations and conditions
650 _aMedicine
856 _uhttps://doaj.org/toc/1bc0589e628045f68b7554d3a76eca27
942 _2ddc
942 _cDOAJEJ
999 _c70299
_d70299
945 _a1
_bMadushi Gamage
_c1
_dMadushi Gamage